LEADER 01053nam a2200253 u 4500 001 000000065430 003 CaOOAMICUS 005 20070226121450.0 008 011206s1910 it u000 u ita u 035 $a10913066 040 $aPUL(R)$bita 100 1 $aRensi, Giuseppe,$d1871-1941.$0(OLS)http://pul/name/7270 245 13$aLe antinomie dello spirito /$cGiuseppe Rensi. 260 $aPiacenza :$bSocietà Libraria Editrice Pontremolese,$c1910. 300 $a332 p. ;$c20 cm 490 1 $aBiblioteca del pensiero moderno 504 $aBibliografia in nota. 650 4$aIdealismo.$0(OLS)http://pul/subject/1790 830 0$aBiblioteca del pensiero moderno (Società Libraria Editrice Pontremolese).$0(OLS)http://pul/title/87040 850 $aPUL 852 $aPUL$W1$xDP2 Filosofia 1$y62$m94 F 21$j84718$nBK-PRI$b $qStampati$B84718$CPULBib$Z2$F84718 $81 941 1 $a8 996 $6245$aLe antinomie dello spirito$9(OLS)http://pul/title/87039 996 $6260$aPiacenza :$bSocietà Libraria Editrice Pontremolese$9(OLS)http://pul/publisher/71146 LEADER 01206nam a2200265 a 4500 001 000000142735 003 CaOOAMICUS 005 20150410131918.0 008 150410s1973 it u000 u ger r 040 $aPUL$bita 100 1 $aThiel, Matthias.$0(OLS)http://pul/name/91783 245 10$aGrundlagen und Gestalt der Hebräischkenntnisse des frühen Mittelalters /$cMatthias Thiel. 260 $aSpoleto :$bCentro italiano di studi sull'alto Medioevo,$c1973. 300 $aXII, 449 p. ;$c25 cm 490 1 $aBiblioteca degli Studi medievali ;$v04 504 $aBibliografia in nota. 650 4$aLetteratura ebraica$yEvo antico.$0(OLS)http://pul/subject/15117 830 0$aBiblioteca degli Studi medievali ;$v04.$0(OLS)http://pul/title/21743 850 $aPUL 852 $aPUL$W1$xDP1 Fondo Capitani$y116$m11 A 4.4$j164608$qFondi$B164874$CPULBib$Z2$F164874 $HCap2599 $82 941 1 $a1 961 $aNota ms. di possesso: Capitani. 996 $6245$aGrundlagen und Gestalt der Hebräischkenntnisse des frühen Mittelalters$9(OLS)http://pul/title/180685 996 $6260$aSpoleto :$bCentro italiano di studi sull'alto Medioevo$9(OLS)http://pul/publisher/48572